| 000 | 02560cam a2200301 i 4500 | ||
|---|---|---|---|
| 999 |
_c27283 _d27283 |
||
| 006 | m o d | ||
| 007 | cr |n||||||||| | ||
| 008 | 201028t20212021ne a ob 001 0 eng d | ||
| 020 |
_a9780128222805 _q(electronic bk.) |
||
| 020 |
_a0128222808 _q(electronic bk.) |
||
| 040 |
_aYDX _beng _erda _epn |
||
| 082 | 0 | 4 |
_a577.727 _223 |
| 100 | 1 | _aKumar, P. Senthil, | |
| 245 | 1 | 0 |
_aModern treatment strategies for marine pollution / _cP. Senthil Kumar. |
| 260 |
_aSingapore : _bElsevier, _c2021. |
||
| 300 |
_a1 online resource (xix, 191 pages) : _billustrations |
||
| 504 | _aIncludes bibliographical references and index. | ||
| 505 | 0 | _aIntroduction to marine biology -- Biological and chemical impacts on marine biology -- Detection and monitoring of marine pollution -- Oil spill clean-up -- Ballast water management -- Pesticides clean-up -- Plastic litters removal -- Microplastics and its removal strategies from marine water -- Removal of toxical algal blooms from marine water -- Miscellaneous technologies for removing micropollutants from marine water. | |
| 520 | _aModern Treatment Strategies for Marine Pollution provides an overview of assessment tools that identify contaminants in marine water, also discussing the latest technologies for removing these contaminants. Through templated and consistently structured chapters, the author explores the importance of seawater to our marine ecosystems and the devastating effects pollutants are causing. Sections cover the emission of toxic pollutants from industries, wastewater discharge, oil spills from boarding ships, ballast water emission, abnormal growth of algal blooms, and more. Techniques explored include huge diameter pipelines erected for removing floating debris from seawater, which is denoted as a primary idea for cleaning contaminants. The book includes numerous case studies that demonstrate how these tools can be successfully used. It is an essential read for marine ecologists and oceanographers at the graduate level and above, but is also ideal for those looking to incorporate these techniques into their own work. | ||
| 650 | 0 |
_aMarine pollution _xPrevention. |
|
| 650 | 0 |
_aPollution prevention _xTechnological innovations. |
|
| 650 | 6 |
_aPollution _xPr�evention _xInnovations. |
|
| 650 | 7 |
_aMarine pollution _xPrevention. _2fast |
|
| 650 | 7 |
_aPollution prevention _xTechnological innovations. _2fast |
|
| 776 | 0 | 8 |
_iPrint version: _z0128222794 _z9780128222799 _w(OCoLC)1152067116 |
| 856 | 4 | 0 | _uhttps://www.sciencedirect.com/science/book/9780128222799 |
| 942 | _cEBK | ||